Local Colour (Record no. 121158)

MARC details
000 -LEADER
fixed length control field 00758nas a22002177a 4500
001 - CONTROL NUMBER
control field K121158
007 - PHYSICAL DESCRIPTION FIXED FIELD--GENERAL INFORMATION
fixed length control field ta
008 - FIXED-LENGTH DATA ELEMENTS--GENERAL INFORMATION
fixed length control field 191106b2019 ||||| |||| 00| 0 eng d
041 ## - LANGUAGE CODE
Language code of text/sound track or separate title eng
100 ## - MAIN ENTRY--PERSONAL NAME
Personal author Hudson, Polly
245 ## - TITLE STATEMENT
Title Local Colour
260 ## - PUBLICATION INFORMATION
Date 2019
490 ## - SERIES TITLE
Series statement RICS Land Journal
Volume October/November 2019, p26-27(2)
520 ## - ABSTRACT
Abstract New software platform aims to crowdsource and share expertise on London's stock.
650 ## - KEYWORDS
Keywords Open source software
650 ## - KEYWORDS
Keywords Big data
650 ## - KEYWORDS
Keywords Sustainable buildings
651 ## - SUBJECT ADDED ENTRY--GEOGRAPHIC NAME
Geographic name United Kingdom
690 ## - LOCAL SUBJECT ADDED ENTRY--TOPICAL TERM (OCLC, RLIN)
9 (RLIN) 6274
Topical term or geographic name as entry element PropTech
856 ## - ONLINE RESOURCE
Uniform Resource Identifier https://web.archive.org/web/20230115145726/https://www.rics.org/globalassets/rics-website/media/news/journals/land/land-journal-oct-nov-2019.pdf
Public note Archived on web archive
Holdings
Withdrawn status Lost status Damaged status Not for loan Home library Current library Shelving location Date acquired Total Checkouts Date last seen Price effective from Koha item type
        Virtual Virtual Online 06/11/2019   06/11/2019 06/11/2019 Journal article